[Event "25. Copenhagen Open  (Politiken Cup)"]
[Site "Copenhagen"]
[Date "2003.07.19"]
[Round "6"]
[White "Helin, Mikael"]
[Black "Laursen, Niels Norskov"]
[Result "0-1"]
[WhiteElo "1971"]
[BlackElo "2109"]
[PlyCount "88"]
[EventDate "2003.07.14"]
[EventType "swiss"]
[EventRounds "11"]
[EventCountry "DEN"]
[SourceDate "2004.01.01"]

1. e4 c5 2. c4 d6 3. g3 Nc6 4. Bg2 g6 5. Ne2 Bg7 6. O-O e6 7. f4 Nge7 8. g4 f5
9. exf5 exf5 10. g5 Be6 11. d3 d5 12. Qa4 Qd7 13. Nbc3 O-O 14. Re1 Rad8 15. Ng3
Bf7 16. h4 dxc4 17. dxc4 Nd4 18. Rb1 b6 19. h5 gxh5 20. Qd1 Bxc4 21. Qxh5 Bf7
22. Qh4 Ng6 23. Qh2 Rfe8 24. Be3 Rxe3 25. Rxe3 Nxf4 26. Kh1 Nxg2 27. Qxg2 f4
28. Nge4 fxe3 29. Nf6+ Bxf6 30. gxf6+ Bg6 31. Rf1 e2 32. Nxe2 Qc6 33. f7+ Kg7
34. Qxc6 Nxc6 35. Nf4 Bxf7 36. Rg1+ Kf6 37. Rf1 Ke7 38. Re1+ Kd6 39. a3 Re8 40.
Rd1+ Nd4 41. Kh2 Kc6 42. Kh3 Bg6 43. Rf1 Rf8 44. Kg4 Ne2 0-1

[Event "25. Copenhagen Open  (Politiken Cup)"]
[Site "Copenhagen"]
[Date "2003.07.19"]
[Round "6"]
[White "Hesselberg, Leif"]
[Black "Stokke, Kjetil"]
[Result "0-1"]
[WhiteElo "1913"]
[BlackElo "2162"]
[PlyCount "46"]
[EventDate "2003.07.14"]
[EventType "swiss"]
[EventRounds "11"]
[EventCountry "DEN"]
[SourceDate "2004.01.01"]

1. d4 Nf6 2. Nf3 g6 3. c4 Bg7 4. Nc3 O-O 5. e4 d6 6. Be2 e5 7. O-O Nh5 8. g3
Bg4 9. Be3 Nd7 10. Ne1 Bxe2 11. Nxe2 Qe7 12. d5 f5 13. exf5 gxf5 14. Ng2 f4 15.
gxf4 exf4 16. Nexf4 Nxf4 17. Nxf4 Qe4 18. Qg4 Ne5 19. Qe6+ Kh8 20. Ng2 Nf3+ 21.
Kh1 Be5 22. h3 Rg8 23. Rfd1 Rxg2 0-1

[Event "25. Copenhagen Open  (Politiken Cup)"]
[Site "Copenhagen"]
[Date "2003.07.19"]
[Round "6"]
[White "Holst, Allan"]
[Black "Johannessen, Leif Erlend"]
[Result "0-1"]
[WhiteElo "2361"]
[BlackElo "2525"]
[PlyCount "90"]
[EventDate "2003.07.14"]
[EventType "swiss"]
[EventRounds "11"]
[EventCountry "DEN"]
[SourceDate "2004.01.01"]

1. d4 e6 2. Nf3 d5 3. Bf4 Nf6 4. e3 c5 5. c3 Nc6 6. Nbd2 Bd6 7. Bg3 Bxg3 8.
hxg3 Qd6 9. Be2 Bd7 10. a3 e5 11. dxc5 Qxc5 12. c4 e4 13. Nb3 Qb6 14. Nfd2 Ne5
15. cxd5 Ba4 16. Qc2 O-O 17. Nxe4 h6 18. Nxf6+ Qxf6 19. Qc3 Qd6 20. Qc5 Qd7 21.
Qc3 Qxd5 22. Nc5 Rac8 23. Qd4 Rxc5 24. Qxa4 Qxg2 25. Rf1 Rfc8 26. Rd1 Rc1 27.
Rxc1 Rxc1+ 28. Kd2 Rxf1 29. Bxf1 Qxf1 30. Qe8+ Kh7 31. Qxe5 Qxf2+ 32. Kc1 f5
33. Kb1 Qf1+ 34. Kc2 Qc4+ 35. Kd2 Qe4 36. Qb8 a6 37. Qd6 Qg2+ 38. Kc3 Qc6+ 39.
Qxc6 bxc6 40. Kd4 g5 41. Ke5 Kg6 42. b4 h5 43. a4 h4 44. gxh4 gxh4 45. Kf4 Kf6
0-1

[Event "25. Copenhagen Open  (Politiken Cup)"]
[Site "Copenhagen"]
[Date "2003.07.19"]
[Round "6"]
[White "Houska, Jovanka"]
[Black "Schandorff, Lars"]
[Result "1/2-1/2"]
[WhiteElo "2350"]
[BlackElo "2525"]
[PlyCount "84"]
[EventDate "2003.07.14"]
[EventType "swiss"]
[EventRounds "11"]
[EventCountry "DEN"]
[SourceDate "2004.01.01"]

1. e4 c5 2. Nc3 Nc6 3. g3 g6 4. Bg2 Bg7 5. d3 d6 6. Be3 e5 7. Qd2 Nge7 8. f4
O-O 9. Nf3 Nd4 10. O-O exf4 11. Bxf4 Nxf3+ 12. Rxf3 Qb6 13. Rb1 Be6 14. Bh6
Rae8 15. Bxg7 Kxg7 16. Rf2 f6 17. a3 Nc6 18. b4 cxb4 19. axb4 Rc8 20. Nd5 Bxd5
21. exd5 Nd4 22. c4 Rce8 23. Kh1 Re5 24. Rbf1 Nf5 25. Bh3 Ne3 26. Rc1 f5 27. d4
Re4 28. c5 Qc7 29. Re2 Nxd5 30. Rxe4 fxe4 31. Be6 Nf6 32. Qf4 Ne8 33. cxd6 Qxd6
34. Qxe4 Qxb4 35. Rb1 Qd2 36. Rxb7+ Kh8 37. Qe5+ Rf6 38. Bf5 Qc1+ 39. Kg2 Qd2+
40. Kg1 Qd1+ 41. Kg2 Qd2+ 42. Kg1 Qd1+ 1/2-1/2

[Event "25. Copenhagen Open  (Politiken Cup)"]
[Site "Copenhagen"]
[Date "2003.07.19"]
[Round "6"]
[White "Hogh, Sidsel T"]
[Black "Sandbech, Ted"]
[Result "0-1"]
[WhiteElo "1438"]
[BlackElo "1660"]
[PlyCount "78"]
[EventDate "2003.07.14"]
[EventType "swiss"]
[EventRounds "11"]
[EventCountry "DEN"]
[SourceDate "2004.01.01"]

1. d4 d5 2. c4 c6 3. Nf3 Nf6 4. Nc3 e6 5. Bg5 Be7 6. e3 O-O 7. Be2 Nbd7 8. O-O
dxc4 9. Bxc4 Nb6 10. Be2 Nfd5 11. Bxe7 Qxe7 12. Qc2 g6 13. Rab1 Nd7 14. Nxd5
exd5 15. b4 Nf6 16. Bd3 Ne4 17. Ne5 f5 18. a4 Be6 19. Qb2 Nd6 20. Rfc1 f4 21.
exf4 Rxf4 22. Bxg6 hxg6 23. Nxg6 Qg5 24. Nxf4 Qxf4 25. Rc3 Ne4 26. Re3 Rf8 27.
Re2 Qg5 28. Kh1 Qh4 29. Kg1 Rf6 30. f3 Ng5 31. Qc3 Rh6 32. g3 Nh3+ 33. Kh1 Qh5
34. Qe3 Ng5 35. Rf1 Rf6 36. Ref2 Bh3 37. Re1 Re6 38. Qd2 Nxf3 39. Rxf3 Qxf3+
0-1

[Event "25. Copenhagen Open  (Politiken Cup)"]
[Site "Copenhagen"]
[Date "2003.07.19"]
[Round "6"]
[White "Jakobsen, Hans Endrup"]
[Black "Paaske, Asger"]
[Result "1-0"]
[WhiteElo "1918"]
[BlackElo "2162"]
[PlyCount "119"]
[EventDate "2003.07.14"]
[EventType "swiss"]
[EventRounds "11"]
[EventCountry "DEN"]
[SourceDate "2004.01.01"]

1. e4 c5 2. Nc3 e6 3. f4 d5 4. Bb5+ Bd7 5. Bxd7+ Qxd7 6. d3 Nc6 7. Nf3 d4 8.
Ne2 f5 9. O-O O-O-O 10. Ng3 Bd6 11. Qe2 Nh6 12. c3 Nf7 13. cxd4 Nxd4 14. Nxd4
cxd4 15. Bd2 Kb8 16. Rfc1 h6 17. a4 g5 18. e5 Be7 19. Rc4 gxf4 20. Bxf4 Bg5 21.
Nh5 Qd5 22. Re1 Rhg8 23. Bxg5 Rxg5 24. Nf6 Qa5 25. Rec1 a6 26. Qc2 Qxe5 27.
Rc8+ Ka7 28. Rxd8 Nxd8 29. Nd7 Qd5 30. Qc5+ Qxc5 31. Rxc5 Nc6 32. a5 f4 33. Kf2
Nxa5 34. Kf3 Nc6 35. Rxg5 hxg5 36. Kg4 e5 37. Kxg5 e4 38. Kxf4 e3 39. Kf3 b5
40. h4 a5 41. h5 Nd8 42. g4 Nf7 43. Nc5 Ng5+ 44. Ke2 a4 45. h6 Kb6 46. Ne4 Nf7
47. h7 b4 48. g5 Nh8 49. Nd6 Kc5 50. Nf7 Ng6 51. Ne5 Nh8 52. g6 a3 53. bxa3
bxa3 54. g7 a2 55. gxh8=Q a1=Q 56. Qc8+ Kb6 57. Nc4+ Kb5 58. Qb7+ Kc5 59. Qb6+
Kd5 60. Qd6# 1-0

[Event "25. Copenhagen Open  (Politiken Cup)"]
[Site "Copenhagen"]
[Date "2003.07.19"]
[Round "6"]
[White "Jensen, Alexander Lindberg"]
[Black "Stam, Bart"]
[Result "0-1"]
[WhiteElo "1539"]
[BlackElo "2058"]
[PlyCount "60"]
[EventDate "2003.07.14"]
[EventType "swiss"]
[EventRounds "11"]
[EventCountry "DEN"]
[SourceDate "2004.01.01"]

1. e4 c5 2. Nc3 e6 3. d3 Nc6 4. g3 d5 5. exd5 exd5 6. Bg2 Be6 7. Nf3 Be7 8. Bd2
h6 9. h4 Nf6 10. Ne2 Bg4 11. Nh2 Bh5 12. c3 Qd7 13. Bf3 Ne5 14. Nf4 Bxf3 15.
Nxf3 Neg4 16. Qe2 O-O-O 17. O-O-O Bd6 18. Rhe1 Rhe8 19. Qf1 Qf5 20. Qg2 Kb8 21.
Be3 g5 22. hxg5 hxg5 23. Nh3 Nxe3 24. Rxe3 Rxe3 25. fxe3 g4 26. Nh4 gxh3 27.
Nxf5 hxg2 28. Rg1 Rh8 29. Rxg2 Kc7 30. Rf2 Ng4 0-1

[Event "25. Copenhagen Open  (Politiken Cup)"]
[Site "Copenhagen"]
[Date "2003.07.19"]
[Round "6"]
[White "Jensen, Benjamin Lau"]
[Black "Hagesaether, Torill"]
[Result "0-1"]
[WhiteElo "1699"]
[BlackElo "2051"]
[PlyCount "120"]
[EventDate "2003.07.14"]
[EventType "swiss"]
[EventRounds "11"]
[EventCountry "DEN"]
[SourceDate "2004.01.01"]

1. e4 d5 2. exd5 Qxd5 3. Nc3 Qa5 4. d4 Nf6 5. Bd3 Nc6 6. Nge2 Bf5 7. a3 Bxd3 8.
Qxd3 O-O-O 9. Bf4 e6 10. O-O Qh5 11. Qc4 Bd6 12. Bxd6 Rxd6 13. Rad1 Rhd8 14. b4
Qg4 15. h3 Qh4 16. f4 Nd5 17. Rf3 Nce7 18. Nb5 Ra6 19. Qd3 c6 20. c4 Nb6 21.
Nbc3 Rxa3 22. Ng3 Na4 23. Qc2 Nxc3 24. Rxc3 Rxc3 25. Qxc3 Qxf4 26. Ne2 Qd6 27.
Qf3 f5 28. Qe3 Ng6 29. Nc3 Re8 30. d5 b6 31. c5 Qe5 32. Qxe5 Nxe5 33. d6 Nd7
34. Na4 Kb7 35. Rc1 e5 36. Kf2 Re6 37. Nb2 a5 38. bxa5 Nxc5 39. axb6 Kxb6 40.
Nc4+ Kb5 41. Na3+ Kb4 42. Nc2+ Ka4 43. Ra1+ Kb3 44. Ne3 Ne4+ 45. Kf3 Nxd6 46.
Ra6 Nb5 47. Nxf5 g6 48. Ng3 Kb4 49. Ne4 Nd4+ 50. Kg4 c5 51. Ra7 h6 52. Rb7+ Kc4
53. Rh7 Kd5 54. Nc3+ Kc4 55. Ne4 Nf5 56. Rc7 Kd5 57. Nxc5 Rc6 58. Rxc6 Kxc6 59.
Nd3 Kd5 60. Kf3 e4+ 0-1

[Event "25. Copenhagen Open  (Politiken Cup)"]
[Site "Copenhagen"]
[Date "2003.07.19"]
[Round "6"]
[White "Jensen, Jonbert"]
[Black "Nielsen, Palle"]
[Result "0-1"]
[WhiteElo "1376"]
[BlackElo "1650"]
[PlyCount "112"]
[EventDate "2003.07.14"]
[EventType "swiss"]
[EventRounds "11"]
[EventCountry "DEN"]
[SourceDate "2004.01.01"]

1. e4 c5 2. Nf3 d6 3. d4 cxd4 4. Nxd4 g6 5. Nc3 a6 6. a4 Bg7 7. Bc4 Nd7 8. O-O
Ngf6 9. f4 Qb6 10. a5 Qc5 11. Qd3 Ng4 12. Nce2 e5 13. h3 Ngf6 14. b4 Qa7 15.
fxe5 Nxe5 16. Qb3 Nxc4 17. Qxc4 Be6 18. Qd3 O-O 19. Be3 Qb8 20. Nxe6 fxe6 21.
c3 Qe8 22. Ng3 Qc6 23. Rac1 Rac8 24. Bf4 Ne8 25. Ne2 Qc4 26. Rf3 e5 27. Bd2
Qxd3 28. Rxd3 Rc4 29. Ng3 Kf7 30. Rf1+ Ke6 31. Rxf8 Bxf8 32. Rf3 Be7 33. Kf2 h5
34. Ke2 h4 35. Kd3 d5 36. exd5+ Kxd5 37. Nf1 e4+ 38. Kc2 exf3 39. Ne3+ Ke4 40.
gxf3+ Kxf3 41. Nxc4 Kg3 42. Ne5 g5 43. c4 Kxh3 44. b5 Kg3 45. Be1+ Kg2 46. Ng4
Bc5 47. Kd3 Nd6 48. Bd2 Kg3 49. Be3 Bxe3 50. Nxe3 axb5 51. c5 Nc8 52. Nf5+ Kf2
53. Nd6 h3 54. Nxc8 h2 55. Nd6 h1=Q 56. Nxb5 Qf1+ 0-1

[Event "25. Copenhagen Open  (Politiken Cup)"]
[Site "Copenhagen"]
[Date "2003.07.19"]
[Round "6"]
[White "Jensen, Sren"]
[Black "Nielsen, Jrgen Kamp"]
[Result "1-0"]
[WhiteElo "1565"]
[BlackElo "1170"]
[PlyCount "43"]
[EventDate "2003.07.14"]
[EventType "swiss"]
[EventRounds "11"]
[EventCountry "DEN"]
[SourceDate "2004.01.01"]

1. e4 Nf6 2. e5 Nd5 3. Nf3 d6 4. exd6 cxd6 5. Bb5+ Bd7 6. Qe2 g6 7. O-O Bg7 8.
Nc3 Nb6 9. d4 O-O 10. Bxd7 N8xd7 11. Bg5 Nf6 12. Ne4 Nbd7 13. c3 Re8 14. Bh4 h6
15. Nxf6+ Bxf6 16. Bg3 e5 17. dxe5 dxe5 18. Rad1 Qe7 19. Qb5 Nc5 20. b4 a6 21.
Qxc5 Qxc5 22. bxc5 1-0

[Event "25. Copenhagen Open  (Politiken Cup)"]
[Site "Copenhagen"]
[Date "2003.07.19"]
[Round "6"]
[White "Jensen, Sren G"]
[Black "Pettersson, Daniel"]
[Result "1-0"]
[WhiteElo "2123"]
[BlackElo "1850"]
[PlyCount "23"]
[EventDate "2003.07.14"]
[EventType "swiss"]
[EventRounds "11"]
[EventCountry "DEN"]
[SourceDate "2004.01.01"]

1. d4 Nf6 2. c4 c5 3. d5 b5 4. cxb5 a6 5. f3 axb5 6. e4 Qa5+ 7. Bd2 b4 8. Na3
Bb7 9. Nc4 Qd8 10. Bg5 d6 11. Nh3 Nfd7 12. Nxd6+ 1-0

[Event "25. Copenhagen Open  (Politiken Cup)"]
[Site "Copenhagen"]
[Date "2003.07.19"]
[Round "6"]
[White "Jessen, Simon Pind"]
[Black "Johansson, Thomas"]
[Result "0-1"]
[WhiteElo "2085"]
[BlackElo "2231"]
[PlyCount "82"]
[EventDate "2003.07.14"]
[EventType "swiss"]
[EventRounds "11"]
[EventCountry "DEN"]
[SourceDate "2004.01.01"]

1. d4 f5 2. Bg5 g6 3. e3 Bg7 4. Bd3 Nc6 5. c3 d6 6. e4 fxe4 7. Bxe4 Nh6 8. h4
d5 9. Bd3 Nf7 10. Nf3 Bg4 11. Qb3 Bxf3 12. gxf3 Qd6 13. Nd2 Nxg5 14. hxg5 O-O-O
15. O-O-O e5 16. Bf1 exd4 17. Kb1 dxc3 18. Ne4 c2+ 19. Qxc2 Qe7 20. Ba6 Nb4 21.
Qc5 Qxc5 22. Bxb7+ Kxb7 23. Nxc5+ Kb6 24. Ne6 Rd7 25. Rh4 c5 26. a3 Nc6 27. b4
cxb4 28. axb4 Bf8 29. Nf4 d4 30. Nxg6 Rg8 31. Nxf8 Rxf8 32. f4 Rdf7 33. Rc1
Nxb4 34. f5 Rxf5 35. Rxd4 Rb5 36. Rd6+ Ka5 37. Rh1 Rxf2 38. Rxh7 Nd3+ 39. Ka1
Rf1+ 40. Ka2 Rb2+ 41. Ka3 Ra1# 0-1

[Event "25. Copenhagen Open  (Politiken Cup)"]
[Site "Copenhagen"]
[Date "2003.07.19"]
[Round "6"]
[White "Jiretorn, Eva"]
[Black "Larsen, Steen Skovlund"]
[Result "0-1"]
[WhiteElo "2146"]
[BlackElo "2310"]
[PlyCount "74"]
[EventDate "2003.07.14"]
[EventType "swiss"]
[EventRounds "11"]
[EventCountry "DEN"]
[SourceDate "2004.01.01"]

1. d4 g6 2. c4 Bg7 3. Nc3 d6 4. Nf3 Nd7 5. e4 e5 6. Be3 Nh6 7. h3 f6 8. Qd2 Nf7
9. Bd3 c6 10. O-O O-O 11. Rac1 Re8 12. Rfd1 Qe7 13. Bb1 Nf8 14. a3 f5 15. dxe5
dxe5 16. b4 f4 17. Bc5 Qf6 18. Bxf8 Bxf8 19. c5 g5 20. Nh2 h5 21. Qe2 Qg6 22.
f3 Nh6 23. Ba2+ Kh8 24. Rd2 Be7 25. Bc4 Rf8 26. Rcd1 g4 27. fxg4 hxg4 28. hxg4
Nxg4 29. Rd6 Bxd6 30. Rxd6 Qh5 31. Nxg4 Bxg4 32. Qd2 Kg7 33. b5 Rac8 34. bxc6
bxc6 35. Na2 f3 36. Qf2 Rf4 37. Nc3 Rh8 0-1

[Event "25. Copenhagen Open  (Politiken Cup)"]
[Site "Copenhagen"]
[Date "2003.07.19"]
[Round "6"]
[White "Johansen, Anders Sten"]
[Black "Tandrup, Michael"]
[Result "0-1"]
[WhiteElo "1590"]
[BlackElo "1984"]
[PlyCount "95"]
[EventDate "2003.07.14"]
[EventType "swiss"]
[EventRounds "11"]
[EventCountry "DEN"]
[SourceDate "2004.01.01"]

1. e4 d5 2. e5 c5 3. f4 Nc6 4. Nf3 Bg4 5. Be2 e6 6. O-O Nge7 7. Ng5 Bxe2 8.
Qxe2 Nd4 9. Qd1 h6 10. Nf3 Nef5 11. Nc3 Be7 12. d3 O-O 13. Ne2 Nxf3+ 14. Rxf3
Rc8 15. Be3 Qb6 16. Rb1 Qa6 17. a3 c4 18. d4 f6 19. c3 fxe5 20. fxe5 Qc6 21.
Bd2 Qe8 22. Nf4 Bg5 23. Qe2 Bxf4 24. Rxf4 Qg6 25. Rbf1 Rc7 26. Kh1 Rcf7 27. Be1
Ne7 28. Rxf7 Rxf7 29. Rxf7 Qxf7 30. g4 Ng6 31. Bg3 Qe7 32. Qf2 Qg5 33. h3 h5
34. gxh5 Qxh5 35. Kg2 Qg5 36. Kf1 Qc1+ 37. Kg2 Qg5 38. Kf1 Ne7 39. Qf4 Qg6 40.
Qf2 Qb1+ 41. Kg2 Nf5 42. Bf4 Qe4+ 43. Kh2 Ne7 44. h4 Ng6 45. Bg3 Qg4 46. Qe1
Ne7 47. Qf2 Nf5 48. Kh1 0-1

[Event "25. Copenhagen Open  (Politiken Cup)"]
[Site "Copenhagen"]
[Date "2003.07.19"]
[Round "6"]
[White "Klitgaard, Thomas"]
[Black "Hvenekilde, Jorgen"]
[Result "1/2-1/2"]
[WhiteElo "2098"]
[BlackElo "2259"]
[PlyCount "162"]
[EventDate "2003.07.14"]
[EventType "swiss"]
[EventRounds "11"]
[EventCountry "DEN"]
[SourceDate "2004.01.01"]

1. Nf3 Nf6 2. c4 c6 3. Nc3 d5 4. d4 e6 5. Bg5 h6 6. Bh4 Nbd7 7. e3 Be7 8. Rc1
O-O 9. Bd3 dxc4 10. Bxc4 b5 11. Bd3 a6 12. Bxf6 Nxf6 13. O-O Bb7 14. Ne4 Nxe4
15. Bxe4 Rc8 16. Ne5 Qd6 17. f4 Rc7 18. Nd3 Re8 19. Nc5 Bc8 20. Bb1 Bf8 21. Qc2
g6 22. a3 a5 23. Qf2 Bg7 24. Be4 Bd7 25. Rc2 Rec8 26. Rfc1 Be8 27. Qd2 Ra7 28.
Bf3 f6 29. Bg4 Bf7 30. g3 Rcc7 31. Ne4 Qe7 32. Bf3 Be8 33. Rc5 Kh7 34. Qc2 Bf8
35. Nf2 Qd8 36. Rc3 Ra6 37. Qb1 b4 38. axb4 axb4 39. Rc4 Kg7 40. Nd3 Rb6 41.
Qa2 b3 42. Qa5 Qb8 43. Ra1 Bf7 44. Rc3 Rb5 45. Qa8 Qxa8 46. Rxa8 c5 47. Ra4 Bd6
48. dxc5 Bxc5 49. Kf2 Bb6 50. Rxc7 Bxc7 51. Rb4 Rxb4 52. Nxb4 g5 53. Nd3 gxf4
54. gxf4 e5 55. f5 e4 56. Bxe4 Bxh2 57. Nf4 Bxf4 58. exf4 Kf8 59. Ke3 Ke7 60.
Bf3 Kd6 61. Kd4 h5 62. Bg2 h4 63. Bh3 Bd5 64. Bf1 Bf3 65. Bh3 Bd1 66. Kc4 Ke7
67. Kc5 Bh5 68. Kd5 Bf7+ 69. Kc5 Kd7 70. Bg4 Kc7 71. Bh3 Bh5 72. Kd5 Kd7 73.
Kc5 Bf3 74. Kd4 Kd6 75. Kc4 Bd1 76. Kd4 Ke7 77. Kc5 Kf7 78. Kd6 Kg7 79. Ke7 Be2
80. Ke6 Bc4+ 81. Ke7 Be2 1/2-1/2

[Event "25. Copenhagen Open  (Politiken Cup)"]
[Site "Copenhagen"]
[Date "2003.07.19"]
[Round "6"]
[White "Knudsen, Jes West"]
[Black "Christensen, Stefan"]
[Result "0-1"]
[WhiteElo "2015"]
[BlackElo "2221"]
[PlyCount "52"]
[EventDate "2003.07.14"]
[EventType "swiss"]
[EventRounds "11"]
[EventCountry "DEN"]
[SourceDate "2004.01.01"]

1. e4 e6 2. d3 d5 3. Nd2 Nf6 4. g3 c5 5. Bg2 Nc6 6. Ngf3 b6 7. O-O Bb7 8. Re1
Be7 9. e5 Nd7 10. Nf1 g5 11. g4 h5 12. h3 hxg4 13. hxg4 Qc7 14. Qe2 O-O-O 15.
c3 Rdg8 16. d4 Nf8 17. Bd2 Ng6 18. b4 cxb4 19. cxb4 Bxb4 20. Bxb4 Nxb4 21. Qd2
Qe7 22. Qxg5 Kd7 23. Qxe7+ Kxe7 24. Rec1 Nf4 25. Rc7+ Kd8 26. Rxb7 Ne2# 0-1

[Event "25. Copenhagen Open  (Politiken Cup)"]
[Site "Copenhagen"]
[Date "2003.07.19"]
[Round "6"]
[White "Kokholm, Daniel"]
[Black "Hansen, Jens Martin"]
[Result "1-0"]
[WhiteElo "2115"]
[BlackElo "1731"]
[PlyCount "105"]
[EventDate "2003.07.14"]
[EventType "swiss"]
[EventRounds "11"]
[EventCountry "DEN"]
[SourceDate "2004.01.01"]

1. e4 c6 2. Nc3 d5 3. f4 dxe4 4. Nxe4 Nd7 5. Nf3 Ngf6 6. Nf2 e6 7. g3 b6 8. Qe2
Be7 9. Bg2 Bb7 10. b3 c5 11. Bb2 O-O 12. c4 Ne8 13. O-O Bf6 14. Ne5 Bxg2 15.
Kxg2 Qc7 16. Nfd3 Qb7+ 17. Rf3 g6 18. Raf1 Rd8 19. g4 Bg7 20. Re1 Nef6 21. Nf2
Rfe8 22. Kg1 a6 23. Rh3 b5 24. d3 b4 25. g5 Nh5 26. Rxh5 gxh5 27. Ne4 f5 28.
Nd6 Qc7 29. Nxe8 Rxe8 30. Qxh5 Re7 31. Qf3 Nxe5 32. Bxe5 Qd7 33. Bxg7 Kxg7 34.
Qe3 Kf7 35. Kf2 Qd6 36. h4 Rd7 37. Rd1 Qd4 38. h5 Qb2+ 39. Rd2 Qa1 40. Re2 Qd4
41. Kg2 Rd6 42. h6 Qxd3 43. Qe5 Qd4 44. Kf3 Qxe5 45. Rxe5 Rd2 46. Rxc5 Rxa2 47.
Rc7+ Kf8 48. Rxh7 Ra3 49. g6 Rxb3+ 50. Ke2 Rg3 51. Rh8+ Ke7 52. g7 Kf7 53. Rf8+
1-0

[Event "25. Copenhagen Open  (Politiken Cup)"]
[Site "Copenhagen"]
[Date "2003.07.19"]
[Round "6"]
[White "Koneru, Humpy"]
[Black "Tallaksen, Geir Sune"]
[Result "1/2-1/2"]
[WhiteElo "2468"]
[BlackElo "2285"]
[PlyCount "102"]
[EventDate "2003.07.14"]
[EventType "swiss"]
[EventRounds "11"]
[EventCountry "DEN"]
[SourceDate "2004.01.01"]

1. d4 Nf6 2. c4 e6 3. Nf3 b6 4. g3 Ba6 5. b3 Bb4+ 6. Bd2 Be7 7. Bg2 c6 8. Bc3
d5 9. Nbd2 Nbd7 10. O-O O-O 11. Re1 Bb7 12. e4 dxe4 13. Nxe4 c5 14. Nfd2 cxd4
15. Bxd4 Qc7 16. Qc2 Rad8 17. Rad1 Nxe4 18. Nxe4 Nc5 19. Nc3 Bxg2 20. Kxg2 Rd7
21. Be3 Rfd8 22. Rxd7 Qxd7 23. Rd1 Qc6+ 24. f3 Rxd1 25. Qxd1 Qd7 26. Qc2 g6 27.
Kf1 h5 28. Ke2 h4 29. a3 Nb7 30. Qe4 hxg3 31. hxg3 Bxa3 32. Nb5 Bc5 33. Nxa7
Nd6 34. Qa8+ Kh7 35. Bxc5 bxc5 36. g4 e5 37. Nc6 e4 38. Ne5 exf3+ 39. Kxf3 Qe6
40. Qd5 Qxd5+ 41. cxd5 Kg7 42. g5 f6 43. Nd7 fxg5 44. Nxc5 Kf6 45. Ne6 Ke5 46.
Nc7 Nb7 47. Kg4 Kd6 48. Na6 Kxd5 49. Kxg5 Nc5 50. Nxc5 Kxc5 51. Kxg6 Kb4
1/2-1/2

[Event "25. Copenhagen Open  (Politiken Cup)"]
[Site "Copenhagen"]
[Date "2003.07.19"]
[Round "6"]
[White "Kongsted, Halfdan Christian"]
[Black "Mikkelsen, Nikolaj"]
[Result "1-0"]
[WhiteElo "2246"]
[BlackElo "2104"]
[PlyCount "59"]
[EventDate "2003.07.14"]
[EventType "swiss"]
[EventRounds "11"]
[EventCountry "DEN"]
[SourceDate "2004.01.01"]

1. d4 Nf6 2. c4 g6 3. Nc3 Bg7 4. e4 d6 5. Nf3 O-O 6. h3 e5 7. d5 a5 8. Bg5 h6
9. Be3 Na6 10. g4 Nd7 11. Qd2 Kh7 12. h4 f5 13. gxf5 gxf5 14. exf5 Ndc5 15.
Ng5+ hxg5 16. hxg5+ Kg8 17. f6 Bh8 18. Bxc5 Nxc5 19. Rxh8+ Kxh8 20. g6 Kg8 21.
Qh6 Qd7 22. Bh3 Nd3+ 23. Kd2 Rxf6 24. Bxd7 Rxf2+ 25. Kxd3 Rf3+ 26. Ke2 Bxd7 27.
Qh7+ Kf8 28. g7+ Ke8 29. g8=Q+ Rf8 30. Qxf8+ 1-0

[Event "25. Copenhagen Open  (Politiken Cup)"]
[Site "Copenhagen"]
[Date "2003.07.19"]
[Round "6"]
[White "Lauritsen, Martin Lee"]
[Black "Radovic, Slobodan"]
[Result "0-1"]
[WhiteElo "1687"]
[BlackElo "1391"]
[PlyCount "112"]
[EventDate "2003.07.14"]
[EventType "swiss"]
[EventRounds "11"]
[EventCountry "DEN"]
[SourceDate "2004.01.01"]

1. e4 c6 2. d4 d5 3. Nc3 dxe4 4. Nxe4 Bf5 5. Ng3 Bg6 6. h4 h6 7. Nf3 Nd7 8. h5
Bh7 9. Bd3 Ngf6 10. Be3 e6 11. Qd2 Qc7 12. Bxh7 Rxh7 13. Bf4 Bd6 14. Bxd6 Qxd6
15. O-O-O O-O-O 16. Qa5 Kb8 17. Ne5 Qf8 18. f3 Rh8 19. Ne4 Nxe4 20. fxe4 Qe7
21. Kb1 Nxe5 22. Qxe5+ Kc8 23. Qxg7 Rdg8 24. Qe5 Qg5 25. Qxg5 Rxg5 26. Rdf1 Rh7
27. Rf2 Kd7 28. e5 Rhg7 29. Rh2 a5 30. c3 c5 31. Kc2 cxd4 32. cxd4 Rg3 33. Kd1
Kc6 34. Rf6 Rh7 35. Kc2 Kd5 36. Rh4 Rxg2+ 37. Kb3 b5 38. Rf1 Rhg7 39. Rc1 a4+
40. Ka3 R2g4 41. Rc5+ Kxd4 42. Rxg4+ Rxg4 43. Rxb5 Rg5 44. Rb4+ Kxe5 45. Rh4 f5
46. Kxa4 Rg4+ 47. Rxg4 fxg4 48. b4 g3 49. b5 g2 50. b6 g1=Q 51. Ka5 Qc5+ 52.
Ka6 Qa3+ 53. Kb7 Qxa2 54. Kb8 Kd6 55. b7 Qb3 56. Ka8 Qxb7+ 0-1

[Event "25. Copenhagen Open  (Politiken Cup)"]
[Site "Copenhagen"]
[Date "2003.07.19"]
[Round "6"]
[White "Liden, Jimmy"]
[Black "Nilsson, Nils Specht"]
[Result "0-1"]
[WhiteElo "1530"]
[BlackElo "2149"]
[PlyCount "78"]
[EventDate "2003.07.14"]
[EventType "swiss"]
[EventRounds "11"]
[EventCountry "DEN"]
[SourceDate "2004.01.01"]

1. Nf3 Nf6 2. g3 d5 3. d4 c6 4. Bg2 Bf5 5. O-O e6 6. Bf4 Be7 7. c3 Nbd7 8. Nbd2
h6 9. a4 g5 10. Be5 g4 11. Nh4 Nxe5 12. dxe5 Ne4 13. Nxf5 exf5 14. Nxe4 fxe4
15. Kh1 h5 16. f3 h4 17. gxh4 Qc7 18. fxg4 Rxh4 19. h3 O-O-O 20. Rf5 Rdh8 21.
e3 f6 22. Qe2 fxe5 23. Rh5 R8xh5 24. gxh5 Qd7 25. Rf1 Qe6 26. Rb1 Bc5 27. b4
Rxh3+ 28. Bxh3 Qxh3+ 29. Qh2 Qf3+ 30. Qg2 Qxh5+ 31. Qh2 Qf3+ 32. Qg2 Bxe3 33.
Rf1 Qxg2+ 34. Kxg2 Bd2 35. a5 Bxc3 36. Rf8+ Kc7 37. Rf7+ Kd6 38. Rxb7 d4 39. a6
d3 0-1

[Event "25. Copenhagen Open  (Politiken Cup)"]
[Site "Copenhagen"]
[Date "2003.07.19"]
[Round "6"]
[White "Lie, Terje"]
[Black "Liden, Tommy"]
[Result "1/2-1/2"]
[WhiteElo "1000"]
[BlackElo "1883"]
[PlyCount "89"]
[EventDate "2003.07.14"]
[EventType "swiss"]
[EventRounds "11"]
[EventCountry "DEN"]
[SourceDate "2004.01.01"]

1. d4 d5 2. c4 e6 3. Nc3 c6 4. Nf3 dxc4 5. e3 b5 6. a4 Bb4 7. Bd2 Bb7 8. axb5
Bxc3 9. bxc3 cxb5 10. Be2 Nf6 11. O-O Qc7 12. Ne5 Nbd7 13. f4 Ne4 14. Be1 Ndf6
15. Bf3 O-O 16. Qc2 Rfb8 17. Bh4 a5 18. Bxf6 Nxf6 19. e4 Ba6 20. d5 Qc5+ 21.
Kh1 b4 22. dxe6 fxe6 23. cxb4 axb4 24. Rfd1 c3 25. Qb3 Qc8 26. h3 Ra7 27. Rd6
Bc4 28. Qd1 Bb3 29. Qc1 Ba4 30. Rxa4 Rxa4 31. Nc6 Kf7 32. Nxb8 Qxb8 33. Rc6 Qa7
34. Kh2 Qd7 35. e5 Nd5 36. Rd6 Qc7 37. Bxd5 exd5 38. Rxd5 b3 39. Rd3 b2 40. Qc2
Rc4 41. Qb3 c2 42. Rd7+ Kg6 43. Qg3+ Kf5 44. Qg4+ Ke4 45. Qf3+ 1/2-1/2

[Event "25. Copenhagen Open  (Politiken Cup)"]
[Site "Copenhagen"]
[Date "2003.07.19"]
[Round "6"]
[White "Lilja, Richard"]
[Black "Ottosen, Peder"]
[Result "1-0"]
[WhiteElo "2137"]
[BlackElo "1830"]
[PlyCount "71"]
[EventDate "2003.07.14"]
[EventType "swiss"]
[EventRounds "11"]
[EventCountry "DEN"]
[SourceDate "2004.01.01"]

1. e4 c6 2. Nc3 d5 3. Nf3 Bg4 4. h3 Bh5 5. exd5 cxd5 6. d4 e6 7. g4 Bg6 8. h4
f6 9. Bd3 Bxd3 10. Qxd3 Nc6 11. Bf4 Bd6 12. Bxd6 Qxd6 13. O-O-O Nh6 14. g5 Nf5
15. Kb1 O-O-O 16. Na4 Kb8 17. Nc5 b6 18. Nb3 Qf4 19. Rde1 e5 20. gxf6 gxf6 21.
dxe5 fxe5 22. Ng5 Rhe8 23. Nxh7 Nb4 24. Qd2 Qc4 25. a3 Nc6 26. Rh3 d4 27. Nf6
Rh8 28. h5 Nd6 29. Qd3 Qf7 30. Ne4 Nxe4 31. Qxe4 Qxf2 32. Rf3 Qg2 33. Qxc6 Rhf8
34. Rf6 Qg3 35. Ref1 Rfe8 36. Rf7 1-0